| 000 | 00621nam a2200217Ia 4500 | ||
|---|---|---|---|
| 005 | 20260122095518.0 | ||
| 008 | 260121s9999||||xx |||||||||||||| ||und|| | ||
| 020 | _a9781849739467 | ||
| 082 |
_a668.40286 _bROY |
||
| 100 | _aRoy, Ipsita | ||
| 245 | 0 | _aPolyhydroxyalkanoate (PHA) based blends, composites and nanocomposites / | |
| 260 |
_aUnited Kingdom : _bRSC Publishing, _c2015. |
||
| 300 | _axv, 231 p.; hb | ||
| 440 | _aRSC green chemistry | ||
| 650 | _aChemical reactions | ||
| 650 | _aNanocomposites | ||
| 650 | _aPolyhydroxyalkanoates | ||
| 700 | _aClark, James | ||
| 700 | _aVisakh, P. M. | ||
| 942 | _cTB | ||
| 999 |
_c48511 _d48511 |
||